000 00333nam a22001097a 4500
082 _a220 PRO
100 _aNAEEM,FARHAL,WASEEM,SAHEEB AHMED KAYANI
_971909
245 _aPR-SOF-1386-DESIGN ANALYSIS AND FABRICATION OF MANUAL PAPER CUP MAKING MACHINE
260 _aISLAMABAD
_bNUST COLLEGE OF EME
650 _a DE-MECH-32
942 _cCR
999 _c578178
_d578178